Predictors, Determinant Groups, and Participatory Budgeting

Rastúci záujem miestnych samospráv v Slovinsku o zavedenie participatívneho rozpočtovania ako nástroja rozhodovania, pri ktorom sa časť miestnych zdrojov využíva za účasti občanov. Možné determinanty ovplyvňujúce jeho implementáciu. Vplyv politických faktorov, sociodemografických faktorov, ekonomick...

Descrizione completa

Salvato in:
Dettagli Bibliografici
Autore principale: Klun, Maja
Altri autori: Benčina, Jože
Natura: Capitolo di libro
Lingua:inglese
Soggetti:
Tags: Aggiungi Tag
Nessun Tag, puoi essere il primo ad aggiungerne!!

MARC

LEADER 00000naa a2200000 4500
001 0281846
005 20240417075152.9
041 0 |a eng 
044 |a SK 
245 1 0 |a Predictors, Determinant Groups, and Participatory Budgeting  |c Maja Klun, Jože Benčina 
520 |a Rastúci záujem miestnych samospráv v Slovinsku o zavedenie participatívneho rozpočtovania ako nástroja rozhodovania, pri ktorom sa časť miestnych zdrojov využíva za účasti občanov. Možné determinanty ovplyvňujúce jeho implementáciu. Vplyv politických faktorov, sociodemografických faktorov, ekonomických faktorov a schopnosť obcí pomocou binárnej logistickej regresie predpovedať dichotomickú závislú premennú zo súboru prediktorových premenných. 
610 2 0 |a samospráva miestna 
610 2 0 |a Slovinsko 
610 2 0 |a rozpočet miestny 
610 2 0 |a rozpočtovanie 
100 1 |a Klun, Maja 
700 1 |a Benčina, Jože